Представление документа в формате MARC21

Поле Инд. ПП Название Значение
Тип записи a
Библиографический уровень m
001 Контрольный номер baa221c0-98c5-43a7-ba48-d96818a1f2de
005 Дата корректировки 20140226145550.5
008 Кодируемые данные 990609 d
020 c Цена, тираж 26.70
040 a Служба первич. каталог. НБ ТвГУ
041 a Код языка текста rus
080 a Индекс УДК 633
084 a Индекс другой классификации/Индекс ББК П12
090 c Каталожный индекс П12
x Авторский знак С50
a Полочн. индекс П12
100 1_ a Автор Смирнов Алексей Всеволодович
245 0_ a Заглавие Мир растений
b Продолж. заглавия Рассказы о культур. растениях
c Ответственность [Худож. А. Колли]
260 0_ a Место издания Москва
b Издательство Молодая гвардия
c Дата издания 1988
300 a Объем 302,[1] с.
b Иллюстрации/ тип воспроизводства ил.
440 a Серия Эврика
583 a Действие Приписка 344 03.06.99
k Исполнитель действия Взамен утраченных
583 a Действие Приписка 6 16.01.2006
k Исполнитель действия Дар Вайцеховича В.Э.
650 a Основная рубрика Растения культурные
653 a Ключевые слова Культурные растения
a Ключевые слова Растениеводство
a Ключевые слова Растения
700 1_ a Другие авторы Колли А
e Роль лиц худож.
852 t Порядковый номер экземпляра 2
p Инвентарный номер 710505 26.70
p Инвентарный номер 832597 57.00
888 a Бесплатные
930 a Новая/Ретро популярная
952 p 344.99 26.70 1 710505
p 6.2006 57.00 1 832597
c Вид литературы К ру
954 a Дата поступления на обработку 19990607
999 a Подразделение 2 Фил3